Normal view
MARC view
- History-Lahore-Pakistan
Entry Topical Term
001 - CONTROL NUMBER
- control field: 3880
003 - CONTROL NUMBER IDENTIFIER
- control field: NUST
005 - DATE AND TIME OF LATEST TRANSACTION
- control field: 20170810102953.0
008 - FIXED-LENGTH DATA ELEMENTS
- fixed length control field: 170810|| aca||aabn | a|a d
040 ## - CATALOGING SOURCE
- Original cataloging agency: NUST
- Transcribing agency: NUST
150 ## - HEADING--TOPICAL TERM
- Topical term or geographic name entry element: History-Lahore-Pakistan
670 ## - SOURCE DATA FOUND
- Source citation: Work cat.: (NUST): Shehzad, Ghafer 3879, Lahore:, 2007
